PROBLEM ÇÖZÜMÜNE GİRİŞ 101 (Kayıt no. 1301043)

MARC ayrıntıları
000 -LEADER
sabit uzunluktaki kontrol alanı 00208nam a22000857a 4500
001 - KONTROL NUMARASI
kontrol alanı 1301043
005 - EN SON İŞLEMİN TARİH VE ZAMANI
kontrol alanı 20260427144543.0
245 ## - ESER / YAZAR
ESER ADI PROBLEM ÇÖZÜMÜNE GİRİŞ 101
Yazar Adı KEN WATANABE
260 ## - YAYIN, DAĞITIM, VB.
YAYIN EVİ TÜBİTAK YAYINLARI
Mevcut
Düşüm durumu Kayıp durumu Sınıflandırma Kaynağı veya raf şeması Hasar Durumu Ödünç verilmez Ana kütüphane Geçerli Kütüphane Edinilen tarih Toplam ödünç verme sayısı Barkod Son görüntüleme tarihi Fiyatın geçerli olmaya başladığı tarih Koha materyal türü
    Dewey Ondalık Sınıflama     MAHMUT SAMİ RAMAZANOĞLU A.İ.H.L-2 MAHMUT SAMİ RAMAZANOĞLU A.İ.H.L-2 27.04.2026   108213796 27.04.2026 27.04.2026 Kitaplar
Gemini Bilgi Teknolojileri A.Ş. tarafından düzenlenmiştir.